| 000 | 00629nam a2200217Ia 4500 | ||
|---|---|---|---|
| 008 | 160819s9999 xx 000 0 und d | ||
| 020 | _a978-0-600-61455-5 | ||
| 050 | _aCUL RM 219 | ||
| 050 | _b.K45 2006 | ||
| 100 | _aKellow, Juliette. | ||
| 245 | _aMiracle foods for kids : | ||
| 245 | _b25 super-nutritious foods to keep your children in great health / | ||
| 245 | _cJuliette Kellow; recipes by Sunil Vijayakan. | ||
| 260 | _aGreat Britain : | ||
| 260 | _bOctopus Pub. Group Ltd, | ||
| 260 | _c2006 | ||
| 300 | _a128 pages : | ||
| 300 | _bcolor illustrations ; | ||
| 300 | _c26 cm. | ||
| 500 | _aIncludes index. | ||
| 999 |
_c300638 _d300638 |
||